Foreign Exchange and Money Markets managing Foreign and Domestic Currency Operations
Salvato in:
| Autore principale: | |
|---|---|
| Altri autori: | |
| Natura: | Libro |
| Lingua: | inglese |
| Pubblicazione: |
New York
MacGraw-Hill Book Co.
1983
|
| Edizione: | 1. ed. |
| Soggetti: | |
| Tags: |
Nessun Tag, puoi essere il primo ad aggiungerne!!
|
MARC
| LEADER | 00000nam a2200000 4500 | ||
|---|---|---|---|
| 001 | c021199 | ||
| 005 | 20221207073552.4 | ||
| 020 | |a 0-07-052671-0 | ||
| 041 | 0 | |a eng | |
| 044 | |a US | ||
| 245 | 1 | 0 | |a Foreign Exchange and Money Markets |b managing Foreign and Domestic Currency Operations |c Heinz Riehl, Rita M. Rodriguez |
| 250 | |a 1. ed. | ||
| 264 | 1 | |a New York |b MacGraw-Hill Book Co. |c 1983 | |
| 300 | |a 453 s. | ||
| 610 | 2 | 0 | |a trh peňažný |
| 610 | 2 | 0 | |a trh peňažný medzinárodný |
| 610 | 2 | 0 | |a devízy |
| 610 | 2 | 0 | |a trh devízový |
| 610 | 2 | 0 | |a trh zahraničný |
| 610 | 2 | 0 | |a ceny |
| 610 | 2 | 0 | |a cash flow |
| 610 | 2 | 0 | |a miera úroková |
| 610 | 2 | 0 | |a swap |
| 610 | 2 | 0 | |a obchod |
| 610 | 2 | 0 | |a manažment |
| 610 | 2 | 0 | |a banky |
| 610 | 2 | 0 | |a financovanie |
| 610 | 2 | 0 | |a kontroling |
| 610 | 2 | 0 | |a riziko |
| 610 | 2 | 0 | |a úver |
| 610 | 2 | 0 | |a likvidita |
| 100 | 1 | |a Riehl, Heinz | |
| 700 | 1 | |a Rodriguez, Rita M. | |